00373 2200157 4500001002100000008004100021035002000062245003000082100002300112250000600135260003000141084001400171082000800185650001000193990001200203INLIS000000000001513 ind  a0010-0125000011 aTouchecWindy Puspitadewi aPuspitadewi, Windy a1 aJakarta :bGramediac2011 a800 WIN t a800 aFiksi a0714936